El desprecio del derecho por los hechos económicos y las pautas de regulación de los honorarios del síndico en el avenimiento (Registro nro. 21443)

Detalles MARC
000 -LEADER
fixed length control field 00417 a2200109 4500
001 - CONTROL NUMBER
control field ART_52961
005 - DATE AND TIME OF LATEST TRANSACTION
control field 20260410161811.0
008 - FIXED-LENGTH DATA ELEMENTS--GENERAL INFORMATION
fixed length control field 260409a
100 1# - MAIN ENTRY--PERSONAL NAME
Personal name Ferro, Carlos A.
245 10 - TITLE STATEMENT
Title El desprecio del derecho por los hechos económicos y las pautas de regulación de los honorarios del síndico en el avenimiento
773 0# - HOST ITEM ENTRY
Title Doctrina Societaria y Concursal
Related parts - Nº 405 (ago. 2021)
Record control number REV4298

No hay ítems disponibles.